000 01407cam a22004217a 4500
003 OSt
005 20140310184430.0
008 110510s2010 nyu j 000 1 eng d
010 _a 2011420621
020 _a9780545215138 (pbk.)
020 _a0545215137 (pbk.)
035 _a(OCoLC)ocn601341558
040 _aBTCTA
_beng
_cBTCTA
_dIKG
_dWIQ
_dSINLB
_dJQJ
_dMCT
_dEHH
_dDLC
042 _alccopycat
050 0 0 _aPZ 7
_b.M4116No 2010
100 1 _aMason, Jane B.
_923991
245 1 0 _aNow you see me... /
_cJane B. Mason & Sarah Hines Stephens
260 _aNew York :
_bScholastic Inc.,
_c2010.
300 _a159 p. :
_c20 cm.
_bill. ;
440 _aA poison apple book
_930274
490 1 _aPoison apple books
521 _aG5
526 _c750
650 0 _aHaunted houses
_vHaunted houses
_927063
650 0 _aGirls
_vJuvenile fiction.
_927064
650 0 _aPhotography
_vJuvenile fiction.
_927065
650 1 _aHaunted houses
_vFiction.
_927066
650 1 _aGirls
_vFiction.
_927067
650 1 _aPhotography
_vFiction.
_927068
700 1 _aHines-Stephens, Sarah.
_924000
830 0 _aPoison apple books.
_927057
906 _a7
_bcbc
_ccopycat
_d2
_encip
_f20
_gy-gencatlg
942 _2lcc
_cBK-SCHOLAS
999 _c34346
_d34346